| 000 | 00528nam a2200181Ia 4500 | ||
|---|---|---|---|
| 005 | 20250508160122.0 | ||
| 008 | 008 250505s9999 xx 000 0 eng d | ||
| 037 | _aTextual | ||
| 040 |
_aFEDL _beng _cFEDL |
||
| 041 |
_aeng _2eng |
||
| 084 |
_a364.36, ROB _qFEDL |
||
| 100 |
_aRobison Sophia M. _9767960 |
||
| 245 | 0 | _aJuvenile delinquency its nature and control | |
| 260 |
_aNew York, USA _bHolt, Rinehart and Winston _c1960 |
||
| 300 | _a546p. | ||
| 942 |
_cTEXL _h364.36, ROB |
||
| 999 |
_c1361875 _d1361875 |
||